000 00786nam a2200217Ia 4500
005 20220928111443.0
008 210716s2015 xx 000 0 und d
020 _a9788126554867
040 _cAIMIT LIBRARY
041 _aeng
082 _a621.3821
_21
_bBARR
100 _aBartz, Robert J.
_958600
245 _aMobile computing deployment and management :
_breal world skills for comtia mobility certification and beyond /
250 _a1st ed.
260 _aNew Delhi :
_bSybex ,
_c2015.
300 _axxxiii, 709p. ;
_c23 cm.
650 _aComputer network types topologies and the OSI model
_958601
650 _aStandards and certifications for wireless technology
_958602
650 _aCellular communication technology
_958603
942 _2ddc
_cBK
_e1st ed.
_k621.3821 BARR
999 _c194988
_d194988